| 000 | 00596nam a2200205Ia 4500 | ||
|---|---|---|---|
| 003 | IN-BaIIA | ||
| 008 | 211028s9999 xx 000 0 eng d | ||
| 020 | _a0-85365-681-9 | ||
| 040 | _cIIA Library | ||
| 080 |
_a25.3 _bGOR |
||
| 100 |
_aGorman, Michael _910969 |
||
| 245 | 0 |
_aAnglo-American Cataloguing Rules _cMichael Gorman |
|
| 250 | _a2nd ed. | ||
| 260 |
_aLondon _bLibrary Association _c1978 |
||
| 300 | _axvii, 620p. | ||
| 650 |
_aAACR _910970 |
||
| 650 |
_aAnglo-American Cataloguing Rules _910971 |
||
| 650 | _aNASA Thesaurus | ||
| 942 | _cBK | ||
| 999 |
_c6392 _d6392 |
||